[Event "EU-ch U14 30th"]
[Site "Antalya"]
[Date "2022.11.09"]
[Round "4"]
[White "Podolskyi, Mykhailo"]
[Black "Alizada, Agshin"]
[Result "1-0"]
[WhiteElo "2150"]
[BlackElo "1372"]
[PlyCount "35"]
[EventDate "2022.11.06"]
[EventType "swiss"]
[EventRounds "9"]
[EventCountry "TUR"]
[SourceTitle "EXT 2024"]
[Source "ChessBase"]
[SourceDate "2023.10.10"]
[SourceVersion "1"]
[SourceVersionDate "2023.10.10"]
[SourceQuality "1"]

1. d4 g6 2. c4 Bg7 3. Nc3 d6 4. e4 Nf6 5. f3 a6 6. Be3 0-0 7. Nge2 b5 8. cxb5 axb5 9. Nxb5 Ba6 10. Nbc3 Nfd7 11. Nc1 Bxf1 12. Rxf1 c5 13. Nb3 Na6 14. Bf2 c4 15. Nd2 Nb6 16. Qe2 Rc8 17. a3 f5 18. Bg1 1-0

[Event "EU-ch Hybrid U12"]
[Site "Tornelo INT"]
[Date "2021.10.15"]
[Round "7"]
[White "Alizada, Agshin"]
[Black "Taskulin, Akhmet"]
[Result "0-1"]
[WhiteElo "1213"]
[BlackElo "1463"]
[PlyCount "76"]
[EventDate "2021.10.15"]
[EventType "swiss"]
[EventRounds "9"]
[EventCountry "NET"]
[SourceTitle "EXT 2023"]
[Source "ChessBase"]
[SourceDate "2022.10.05"]
[SourceVersion "1"]
[SourceVersionDate "2022.10.05"]
[SourceQuality "1"]
[WhiteTeam "Azerbaijan"]
[BlackTeam "Russia"]
[WhiteTeamCountry "AZE"]
[BlackTeamCountry "RUS"]

1. e4 c5 2. Nc3 e6 3. b3 g6 4. Bb2 Bg7 5. Nge2 Nc6 6. Ng3 Nf6 7. Bb5 a6 8. Bxc6 bxc6 9. 0-0 d5 10. e5 Nd7 11. f4 c4 12. bxc4 Qb6+ 13. Kh1 Qxb2 14. Rb1 Qa3 15. Rb3 Qe7 16. cxd5 cxd5 17. d4 Rb8 18. Qd2 Rxb3 19. axb3 Nb6 20. Nce2 0-0 21. Rf3 Qa3 22. h3 a5 23. Nf1 Ba6 24. Ne3 Bxe2 25. Qxe2 Qa1+ 26. Kh2 Qxd4 27. Qb5 Qb4 28. Qe2 d4 29. Nf1 Nd5 30. g4 Rc8 31. Rf2 Rc3 32. f5 Qb8 33. Qa6 Bxe5+ 34. Kg2 Nf4+ 35. Rxf4 Bxf4 36. fxe6 Rxc2+ 37. Kh1 Qc7 38. exf7+ Kxf7 0-1